Entry Nombre personal
001 - NÚMERO DE CONTROL
- campo de control: 128316
003 - IDENTIFICADOR DE NÚMERO DE CONTROL
- campo de control: SpMaBN
005 - FECHA Y HORA DE LA ÚLTIMA TRANSACCIÓN
- campo de control: 20250831031119.0
008 - ELEMENTOS DE DATO DE LONGITUD-FIJA
- campo de control de longitud fija: 920725nn azznnaabn |a aaa
010 ## - NÚMERO DE CONTROL DE LA BIBLIOTECA DEL CONGRESO
- Número de control de LC: XX1325238
016 ## - NÚMERO DE CONTROL DE UNA AGENCIA BIBLIOGRÁFICA NACIONAL
- Número de control del registro: BNE19984750275
024 7# - IDENTIFICADOR DE OTROS ESTÁNDARES
- Número estándar o código: http://viaf.org/viaf/88653355/
- Fuente: viaf
024 7# - IDENTIFICADOR DE OTROS ESTÁNDARES
- Número estándar o código: https://isni.org/isni/0000000062323738
- Fuente: isni
024 7# - IDENTIFICADOR DE OTROS ESTÁNDARES
- Número estándar o código: http://www.wikidata.org/entity/Q42382224
- Fuente: wikidata
040 ## - FUENTE DE CATALOGACIÓN
- Centro catalogador/agencia de origen: SpMaBN
- Lengua de catalogación: spa
- Centro/agencia transcriptor: SpMaBN
- Normas de descripción: rdc
- Convención/Normas de encabezamiento de materia/tesauro: embne
046 ## - FECHAS CON CODIFICACIÓN ESPECIAL
- Fecha de nacimiento: 1883
- Fecha de la muerte: 1928
100 1# - ENCABEZAMIENTO-NOMBRE DE PERSONA
- Nombre de persona: Jiménez de Aréchaga, Justino E.,
- Fechas asociadas al nombre: 1883-1928
375 ## - GÉNERO/SEXO
- Género: Masculino
377 ## - IDIOMA ASOCIADO
- Código del idioma: spa
- Término de lengua/lenguaje: Español
400 1# - TRAZADO DE VÉASE--NOMBRE DE PERSONA
- Nombre de persona: Jiménez de Aréchaga Vargas, Justino Eugenio,
- Fechas asociadas al nombre: 1883-1928
670 ## - FUENTE DE DATOS ENCONTRADOS
- Cita de la fuente: Los entes autónomos: régimen jurídico de los servicios públicos descentralizados, 1924
- Información encontrada: port. (prólogo del Dr. Justino Jiménez de Arechaga)
670 ## - FUENTE DE DATOS ENCONTRADOS
- Cita de la fuente: WWW Wikipedia, 22-06-2016
- Información encontrada: (Justino Eugenio Jiménez de Aréchaga Vargas (1883-1928); abogado, político y periodista uruguayo, hijo del Justino Jiménez de Aréchaga Moratorio (1850-1904))
- Identificador Uniforme de Recursos: https://es.wikipedia.org/wiki/Justino_Jim%C3%A9nez_de_Ar%C3%A9 chaga
